Introduction to MATLAB 7 for engineers (Record no. 178343)
[ view plain ]
| 000 -LEADER | |
|---|---|
| fixed length control field | 00391nam a2200157Ia 4500 |
| 008 - FIXED-LENGTH DATA ELEMENTS--GENERAL INFORMATION | |
| fixed length control field | 231217s9999 xx 000 0 und d |
| 020 ## - INTERNATIONAL STANDARD BOOK NUMBER | |
| International Standard Book Number | 71232621 |
| 041 ## - LANGUAGE CODE | |
| Language code of text/sound track or separate title | English |
| 082 ## - DEWEY DECIMAL CLASSIFICATION NUMBER | |
| Classification number | 001.6424MAT PAL;1 R |
| 100 ## - MAIN ENTRY--PERSONAL NAME | |
| Personal name | Palm III, William J |
| 245 #0 - TITLE STATEMENT | |
| Title | Introduction to MATLAB 7 for engineers |
| 260 ## - PUBLICATION, DISTRIBUTION, ETC. | |
| Date of publication, distribution, etc. | 2005 |
| Name of publisher, distributor, etc. | MGH |
| Place of publication, distribution, etc. | Boston |
| 300 ## - PHYSICAL DESCRIPTION | |
| Extent | xiii+682 |
| 650 ## - SUBJECT ADDED ENTRY--TOPICAL TERM | |
| Topical term or geographic name entry element | MATLAB,7 |
| 942 ## - ADDED ENTRY ELEMENTS (KOHA) | |
| Koha item type | Books |
| Date last seen | Total checkouts | Full call number | Accession number | Cost, total (INR) price | Price effective from | Category | Lost status | Damaged status | Department | Withdrawn status | Home library | Current library | Shelving location | Entry date | Vendor | Cost, normal purchase price | Grants | Billnumber | Billdate | Currency symbol | Conversion rate | Discount | Old discount |
|---|---|---|---|---|---|---|---|---|---|---|---|---|---|---|---|---|---|---|---|---|---|---|---|
| 26/01/2024 | 001.6424MAT PAL;1 R | 43442 | 935.01 | 26/01/2024 | Books | ME | Central Library | Central Library | ME | 31/10/2006 | Tata Book House | 23.95 | ME | 3111 | 10/07/2008 | USD | 48.8 | 4.79 | 20 |
